000 00798 a2200217 4500
999 _c9412
_d9412
020 _a9991200622
050 0 0 _aKQK 60.4 MAI 1992
100 _aAlexander, Elsie
_eauthor
245 0 0 _aMaintenance laws and practices in Botswana /
_cElsie Alexander ... [et al.].
264 _aBotswana :
_bNational Institute of Development Research and Documentation,
_c1992
300 _axl, 229 p. ;
500 _aIncludes bibliographical references
504 _aIncludes bibliographical references
650 0 _aSupport (Domestic relations)
650 0 _aWomen
_xLegal status, laws, etc.
700 1 _aDow, Unity
_eauthor
700 1 _aKann, Ulla
_eauthor
700 1 _aKidd, Puseletso Elizabeth
_eauthor
710 2 _aWomen and Law in Southern Africa Research Project.
942 _2lcc
_cBK
_h60.4
_iMAI
_kKQK